000
00287nam a2200109 a 4500
008
111206s1975|||| d
100
1
_a
SKÁLA - LAMAČOVÁ
245
1
0
_a
Dieta pri zánetu a chronickem selhaní ledvin
260
_b
Avicenum
_a
Praha
_c
1975
020
_c
11
044
_a
xo
_c
SK
999
_c
18345
_d
18345